书目信息 |
| 题名: |
建筑工程P-BIM软件功能与信息交换标准合集
|
|
| 作者: | ;中国工程建设标准协会 | |
| 分册: | 三 | |
| 出版信息: | 北京 中国建筑工业出版社 2017.10 |
|
| 页数: | 67页 | |
| 开本: | 20cm | |
| 丛书名: | ||
| 单 册: | ||
| 中图分类: | TU201.4-65 | |
| 科图分类: | ||
| 主题词: | 建筑设计 | |
| 电子资源: | ||
| ISBN: | 1-5112-3015-0 | |
| 000 | 00729nam0 2200193 45 | |
| 001 | 1935601239 | |
| 005 | 20190312095348.24 | |
| 010 | @a1-5112-3015-0@dRMB 129.00 | |
| 100 | @a20190312d2017 km y0chiy0120 ea | |
| 101 | 0 | @achi |
| 102 | @aCN@b110000 | |
| 200 | 1 | @a建筑工程P-BIM软件功能与信息交换标准合集@Ajian zhu gong cheng P-BIM ruan jian gong neng yu xin xi jiao huan biao zhun he ji@h三@f中国工程建设标准协会@Fzhong guo gong cheng jian she biao zhun xie hui |
| 210 | @a北京@c中国建筑工业出版社@d2017.10 | |
| 215 | @a67页@d20cm | |
| 606 | 0 | @a建筑设计 |
| 690 | @aTU201.4-65@v4 | |
| 711 | 02 | @a中国工程建设标准协会@Azhong guo gong cheng jian she biao zhun xie hui |
| 801 | 0 | @aCN@bPFT@c20190312 |
| 905 | @a10447@dTU201.4-65@eZ558:3 | |
| 建筑工程P-BIM软件功能与信息交换标准合集.三/中国工程建设标准协会.-北京:中国建筑工业出版社,2017.10 |
| 67页;20cm |
| ISBN 1-5112-3015-0:RMB 129.00 |
| ● |
| 相关链接 |
|
|
|
正题名:建筑工程P-BIM软件功能与信息交换标准合集
索取号:TU201.4-65/Z558:3
 
预约/预借
| 序号 | 登录号 | 条形码 | 馆藏地/架位号 | 状态 | 备注 |
| 1 | 1244633 | 212446334 | 建筑库101/101建筑库 37排3列2层/ [索取号:TU201.4-65/Z558:3] | 在馆 |